monnaie des territoire et pays non reconnus - Statistiques

Statistiques générales
  • Ce quiz a été pris 26 fois
  • Le résultat moyen est 36 sur 53
Statistiques - réponses
Pays non reconnus / territoire Monnaies % Correct
Anguilla Dollar des Caraïbes orientales
94%
Guyane Euro
94%
Îles Mariannes du Nord Dollar américain
88%
Porto Rico Dollar américain
88%
Bermudes Dollar bermudien
88%
Niue Dollar néo-zélandais
88%
Guadeloupe Euro
88%
Martinique Euro
88%
Mayotte Euro
88%
Gibraltar Livre de Gibraltar
88%
Guam Dollar américain
81%
Îles Vierges des Etats-Unis Dollar américain
81%
Îles Vierges britanniques Dollar américain
81%
Île Christmas Dollar australien
81%
Îles Cocos (Keelings) Dollar australien
81%
Montserrat Dollar des Caraïbes orientales
81%
Îles Cook Dollar des Îles Cook
81%
Réunion Euro
81%
Saint-Pierre & Miquelont Euro
81%
Guernesey Livre de Guernesey
81%
Îles Malouines Livre des Malouines
81%
Île de Man Livre sterling
81%
Groenland Couronne danoise
75%
Bonaire Dollar américain
75%
Îles Turques et Caïques Dollar américain
75%
Île Norfolk Dollar australien
75%
Îles Caïmans Dollar des Îles Caïmans
75%
Nouvelle Calédonie Franc CFP
75%
Polynésie française Franc CFP
75%
Saint-Hélène Livre de Saint-Hélène
75%
Îles Pitcairn Livre sterling
75%
Chypre du Nord Livre turque
75%
Abkhazie Rouble russe
75%
Saint-Barthélemy Euro
69%
Saint-Martin Euro
69%
Ascension Livre sterling
69%
Samoa américaines Dollar américain
63%
Saba Dollar des Caraïbes orientales
63%
Saint-Eustache Dollar des Caraïbes orientales
63%
Ossétie du Sud Rouble russe
63%
Hong Kong Dollar de Hong Kong
56%
Tokelau Dollar néo-Zélandais
56%
Sahara Occidental Dinar Algérien
50%
Wallis & Futuna Franc CFP
50%
Palestine Shekel israélien
50%
Jersey Livre de Jersey
44%
Tristan Da Cunha Livre sterling
44%
Transnistrie Rouble transnistrien
44%
Aruba Florin Arubéen
38%
Somaliland Shilling du Somaliland
38%
Sint Maarten Florin des Antilles néerlandaises
19%
Macao Pataca macanaise
13%
Curaçao Guilder de Curaçao
0%
Aucun quiz correspondant
Distribution des résultats
% des personnes avec chaque résultat
Percentile par nombre de réponses
Votre historique - résultats
Vous n’avez pas pris ce quiz